| 000 | 01116naa a2200289 c 4500 | ||
|---|---|---|---|
| 999 |
_c49725 _d49725 |
||
| 001 | 49725 | ||
| 003 | ES-MaCES | ||
| 005 | 20170714141953.0 | ||
| 008 | 170714s2017 sp ||||| t||||||| ||spa d | ||
| 040 |
_aES-MaCES _bspa _cES-MaCES _dES-MaCES |
||
| 100 | 1 |
_922883 _aRuiz Navarro, José |
|
| 245 | 1 | 3 |
_aLa sociedad emprendedora y el reto del desarrollo territorial de la universidad emprendedora _cJosé Ruiz Navarro |
| 504 | _aBibliografía: p. 1092-1095 | ||
| 650 | 4 |
_927367 _aeducación |
|
| 650 | 4 |
_927379 _aenseñanza superior |
|
| 650 | 4 |
_927434 _auniversidad |
|
| 650 | 4 |
_927447 _apensamiento creador |
|
| 650 | 4 |
_928230 _ainnovación |
|
| 650 | 4 |
_930016 _acreación de empresa |
|
| 650 | 4 |
_929976 _arelación formación empleo |
|
| 650 | 4 |
_929186 _adesarrollo regional |
|
| 650 | 4 |
_930617 _anivel regional |
|
| 653 | 1 | 0 | _aEducación |
| 773 | 0 |
_986231 _b1ª ed _dCizur Menor (Navarra) Civitas-Thomson Reuters 2017 _o089128 _tPolítica económica, economía regional y servicios _w(ES-MaCES)49528 _z9788491526452 _gp.1079-1095 . - SG-0.0.-631 |
|
| 902 | _aARL Artículo de libro | ||
| 942 |
_2CES _cAR _h4.0. |
||